• 首页
  • 本馆介绍
  • 公告通知
  • 最新文献
  • 馆藏检索
  • 电子资源
  • 读者导购
  • 参考咨询
  • 我的图书馆
  • 登录
  • 详细信息显示
  • 放入我的书架
  • 预约/预借图书
  • 作者相关作品
  • 分类相关作品
  • 丛书相关作品
  • 出版社相关作品

书目信息

  • 表格格式
  • 工作单格式
  • 卡片格式
题名:
软件质量保证与测试
    
 
作者: 秦航 主编
分册:  
出版信息: 北京   清华大学出版社  2019.8
页数: 14,385页
开本: 26cm
丛书名:
单 册:
中图分类: TP311.5 , TP311.562
科图分类:
主题词: 软件质量--质量管理--高等学校--教材 , 软件工具--测试--高等学校--教材
电子资源:
ISBN: 978-7-302-46763-2
000 01067nam0 2200277 45
001 012001001657
005 20211013150131.42
010    @a978-7-302-46763-2@dCNY49.50
100    @a20170727d2017 em y0chiy50 ea
101 0  @achi
102    @aCN@b110000
105    @aa z 000yy
106    @ar
200 1  @a软件质量保证与测试@Aruan jian zhi liang bao zheng yu ce shi@b专著@f秦航主编
205    @a2版
210    @a北京@c清华大学出版社@d2019.8
215    @a14,385页@c图,照片@d26cm
300    @a21世纪高等学校规划教材 软件工程
330    @a本书共15章,第1章是概述,第2~8章讲述了软件质量工程体系、软件质量度量和配置管理、软件可靠性度量和测试、软件质量标准、软件评审、软件全面质量管理、高质量编程,第9~15章分别讲述了软件测试、黑盒测试、白盒测试、基于缺陷模式的软件测试、集成测试、系统测试、测试管理。
606 0  @a软件质量@x质量管理@x高等学校@j教材
606 0  @a软件工具@x测试@x高等学校@j教材
690    @aTP311.5@v5
690    @aTP311.562@v5
701  0 @a秦航@Aqin hang@4主编
801  0 @aCN@bBJSDL@c20211011
905    @b1336707-9@dTP311.5@e1746=2@f3
    
    软件质量保证与测试/秦航主编.-2版.-北京:清华大学出版社,2019.8
    14,385页:图,照片;26cm
    21世纪高等学校规划教材 软件工程
    
    ISBN 978-7-302-46763-2:CNY49.50
    本书共15章,第1章是概述,第2~8章讲述了软件质量工程体系、软件质量度量和配置管理、软件可靠性度量和测试、软件质量标准、软件评审、软件全面质量管理、高质量编程,第9~15章分别讲述了软件测试、黑盒测试、白盒测试、基于缺陷模式的软件测试、集成测试、系统测试、测试管理。
●
相关链接 在E读中查询图书 在五车中查询图书 在当当中查询图书 在豆瓣中查询图书


正题名:软件质量保证与测试     索取号:TP311.5/1746=2         预约/预借

序号 登录号 条形码 馆藏地/架位号 状态 备注
1 1336707   213367079   第二样本阅览室/ [索取号:TP311.5/1746=2] 在馆    
2 1336708   213367088   第三借阅区/ [索取号:TP311.5/1746=2] 在馆    
3 1336709   213367097   第三借阅区/ [索取号:TP311.5/1746=2] 在馆    
唐山师范学院图书馆 欢迎您!
大连网信软件有限公司© 版权所有